000 00923nam a2200229Ia 4500
999 _c36921
_d36921
001 2872
003 GE_BSU
005 20190506120940.0
008 181216s2005||||ge |||||||||||||| ||geo||
040 _cGE_BSU
041 _ageo
080 _a657.07(075.8)+33.07 კ–91
100 _aკუპრეიშვილი , ელგუჯა
_9756
245 _aბუღალტრული აღრიცხვის კურსი /
_cელგუჯა კუპრეიშვილი ; რედ : იაკობ მესხია
264 _aთბილისი . :
_bინოვაცია,
_c2005.
300 _a340 გვ ;
_c20 სმ.
541 _h13 ლ.
653 _aბუღალტრული აღრიცხვის კურსი
653 _aბუღალტერია
700 _aმესხია, იაკობ
_eრედაქტორი
_9565
942 _cBK
_2udc